000 00542nam a2200193 i 4500
001 58197
003 ES-MaACL
007 t|
008 031021s1984 sp ||||1| spa d
100 1 _aDuque, Aquilino.
_946145
245 1 3 _aEl suicidio de la modernidad /
_cAquilino Duque.
250 _a[1ยช ed.].
260 _a[Barcelona] :
_bBruguera,
_c[1984]
300 _a186 p. ;
_c19 cm.
490 1 _aNarradores de hoy ;
_v92
830 0 _aNarradores de hoy ;
_v92
_9182895
852 _aES-MaACL
_jL-7528
_bR.108180
999 _c58197
_d58197